Η λαϊκή ιατρική στην Λευκάδα
Saved in:
| Main Author: | |
|---|---|
| Format: | Book |
| Language: | Greek |
| Published: |
Αθήνα :
Γρηγόρης,
c1985
|
| Series: | Λαογραφικά Λευκάδας ;
; 3 |
| Subjects: | |
| Tags: |
Add Tag
No Tags, Be the first to tag this record!
|
MARC
| LEADER | 00000nam a2200000 i 4500 | ||
|---|---|---|---|
| 001 | 1/14538 | ||
| 008 | 980512s1985 gre d | ||
| 020 | |a 960-222-003-1 | ||
| 035 | |l 10019458 | ||
| 040 | |a GR-MY-UA |b gre |e aacr | ||
| 041 | 0 | |a gre | |
| 082 | 0 | |a 615.882 | |
| 100 | 1 | |a Κοντομίχης, Πανταζής, |d 1924- | |
| 245 | 1 | 2 | |a Η λαϊκή ιατρική στην Λευκάδα / |c Πανταζή Κοντομίχη |
| 260 | |a Αθήνα : |b Γρηγόρης, |c c1985 | ||
| 300 | |a 308 σ. | ||
| 490 | 1 | |a Λαογραφικά Λευκάδας |v ; 3 | |
| 650 | 0 | 0 | |a Traditional medicine |z Greece |z Lefkas Island. |
| 830 | 0 | |a Λαογραφικά Λευκάδας ; |v ; 3 | |
| 852 | |a INST |b LESVOS |e 19980512 |h 615.882 KON |p 005100014134 |q 005100014134 |t BK |y 0 | ||
| 901 | |a BIBL-1998-2 | ||
| 909 | |a Λ |b 055754 | ||
| 922 | |a 1ΕΛΗ |b 199804 |c ΚΠΣ/ΤΚΑ |d EMVASIS | ||
| 950 | |a 117-1998-01-28 | ||